| 000 | 00936nam0a22002411 4500 | ||
|---|---|---|---|
| 001 | rc\4525001 | ||
| 005 | 20260407121202.0 | ||
| 021 |
_aRU _bРг1592-67 |
||
| 035 | _a(NLR Aleph) 008353111 | ||
| 090 |
_a8950291 _c8950291 |
||
| 100 | _a20130416d1966 |||y0rusy50 ca | ||
| 101 | 0 | _arus | |
| 102 | _aRU | ||
| 105 | _aa b ||||| | ||
| 200 | 1 |
_aКаталог деталей грузового автомобиля МАЗ-500, седельного тягача МАЗ-504 и автомобиля-самосвала МАЗ-503 _fМ-во автомоб. пром-сти СССР. Минский автомоб. завод |
|
| 210 |
_aМосква _cМашиностроение _d1966 |
||
| 215 |
_a415 с. _cил. _d27 |
||
| 712 | 0 | 2 |
_aМинский автомобильный завод _3RU\NLR\AUTH\8810069769 _9641141 |
| 801 | 0 |
_aRU _bNLR _gpsbo |
|
| 801 | 1 |
_aRU _bELAR _2rusmarc |
|
| 852 |
_aNLR _jПт 86.3/285 |
||
| 942 | _cBOOK | ||
| 980 | _aNB | ||